|
|
|
|
| LEADER |
00000cam a2200000 4500 |
| 001 |
vtls012242471 |
| 003 |
SK-MaSNL |
| 005 |
20260301082315.0 |
| 008 |
231023s2023 xo dkolfrn 100 0 eng |
| 015 |
|
|
|a SNBA2024/02
|
| 020 |
|
|
|a 9788055225913
|q (brožované)
|
| 040 |
|
|
|a SNK
|b slo
|c SNK
|e rda
|
| 041 |
0 |
|
|a eng
|b eng
|
| 044 |
|
|
|a xo
|c SK
|
| 072 |
|
7 |
|a 62
|x Technika všeobecne
|2 konspekt
|
| 072 |
|
7 |
|a 63
|x Poľnohospodárstvo a príbuzné oblasti vedy a techniky
|2 konspekt
|
| 080 |
|
|
|a 62-1/-9
|2 2011
|
| 080 |
|
|
|a 631.17
|2 2011
|
| 080 |
|
|
|a 630*36
|2 2011
|
| 080 |
|
|
|a (062.534)
|2 2011
|
| 111 |
2 |
|
|a International Conference of Young Scientists ICYS
|n (24. :
|d 2022 :
|c Nitra, Slovensko)
|4 aut
|9 407007
|
| 245 |
1 |
0 |
|a Proceedings of the XXIV International Conference of Young Scientists ICYS 2022
|b 10th November 2022
|c edited by: Vlasta Vozárová, Ana Hauliková
|
| 246 |
3 |
0 |
|a ICYS 2022
|
| 246 |
3 |
0 |
|a XXIV International Conference of Young Scientists ICYS 2022
|
| 250 |
|
|
|a Issue first
|
| 264 |
|
1 |
|a Nitra
|b Slovak University of Agriculture in Nitra
|c 2023
|
| 300 |
|
|
|a 138 strán
|b fotografie (prevažne farebné), grafy, schémy, tabuľky
|c 21 cm
|
| 336 |
|
|
|a text
|b txt
|2 rdacontent
|
| 337 |
|
|
|a bez média
|b n
|2 rdamedia
|
| 338 |
|
|
|a zväzok
|b nc
|2 rdacarrier
|
| 500 |
|
|
|a Nad názvom: Slovak University of Agriculture in Nitra, Faculty of engineering
|
| 504 |
|
|
|a Obsahuje bibliografiu za jednotlivými príspevkami
|
| 546 |
|
|
|a Anglické abstrakty
|
| 650 |
0 |
7 |
|a stroje
|2 SNKPH
|9 3551
|
| 650 |
0 |
7 |
|a výrobné stroje a zariadenia
|2 SNKPH
|9 65983
|
| 650 |
0 |
7 |
|a poľnohospodárska technika
|2 SNKPH
|9 681
|
| 650 |
0 |
7 |
|a lesnícka technika
|2 SNKPH
|9 29188
|
| 650 |
0 |
7 |
|a Machines
|2 SNKPHeng
|9 268704
|
| 650 |
0 |
7 |
|a Manufacturing machines
|2 SNKPHeng
|9 321354
|
| 650 |
0 |
7 |
|a Agricultural technic
|2 SNKPHeng
|9 267197
|
| 650 |
0 |
7 |
|a Forest machinery
|2 SNKPHeng
|9 325975
|
| 655 |
|
7 |
|a zborníky konferencií
|2 SNKPH
|9 70153
|
| 655 |
|
7 |
|a Proceedings of conferences
|2 SNKPHeng
|9 265791
|
| 710 |
2 |
|
|a Slovenská poľnohospodárska univerzita v Nitre.
|b Technická fakulta
|4 pbl
|9 179172
|
| 852 |
|
|
|a Slovenská národná knižnica
|
| 919 |
|
|
|a 978-80-552-2591-3
|
| 954 |
|
|
|a odborná, vedecká literatúra pôvodná (slovenská)
|2 lita
|
| 958 |
|
|
|a NB
|
| 999 |
|
|
|c 658201
|d 660131
|
| 952 |
|
|
|a SNK
|b SNK
|y PREZ
|7 0
|p 17A1540147
|o snkSC 204438
|i snk2023/17608
|8 0
|0 0
|1 0
|4 0
|d 2023-12-01
|f 1
|l 0
|r 2025-10-28 00:00:00
|w 2026-02-23
|